| 000 | 00729nam a22002177a 4500 | ||
|---|---|---|---|
| 001 | 3417 | ||
| 003 | FISKH | ||
| 005 | 20240305152345.0 | ||
| 008 | 240304b cb ||||| |||| 00| 0 eng d | ||
| 040 |
_aFISK _beng _cFISK _dFISK |
||
| 100 |
_aBurnett Hodgson Frances _d1849-1924 |
||
| 245 |
_aThe secret garden / _cFrances Hodgson Burnett |
||
| 260 |
_aNew York : _bRandom House, _c1993 |
||
| 300 |
_a111 pages : _billustrations, _c20 cm |
||
| 505 | _aM | ||
| 520 | _aTen-year-old Mary comes to live in a lonely house on the Yorkshire moors and discovers an invalid cousin and the mysteries of a locked garden. | ||
| 521 | 8 |
_a580 _bLexile |
|
| 700 | _aFrances Hodgson Burnett | ||
| 942 |
_2ddc _cBK _n0 |
||
| 999 |
_c3417 _d3417 |
||